Записка лесничего, коллежского советника Станкевича о мерах борьбы с революционерами путем реорганизации паспортной системы

RUSMARC
00004789nac2a22003253x 450
001f10defc9-1a26-4359-9543-4d0c4b6a4859
00520240819221852.0
100##$a20240716l1880 k y0rusy50 ca
1010#$arus
102##$aRU
105##$ay z |||||
1220#$ad18801231
2001#$aЗаписка лесничего, коллежского советника Станкевича о мерах борьбы с революционерами путем реорганизации паспортной системы
$j[1880]
215##$a5 листов
$d36,5 х 24,3
251##$cДело
300##$aРукописный текст
300##$aЛист: 1 (один) лист чистый
325##$aЗамикрофильмировано
330##$aВходит в раздел описи: Материалы, относящиеся к деятельности Лорис-Меликова М. Т. в Верховной Распорядительной Комиссии
461#0$1001cda3d175-ae4a-411a-8dea-9cc20fb178f6
$12001
$aЛорис-Меликов Михаил Тариелович, граф, министр внутренних дел, главный начальник "верховной распорядительной комиссии по охранению государственного порядка и общественного спокойствия", генерал от кавалерии
$1251
$cФонд
$1852
$j569
462#0$1001163e060a-d7cc-404d-90ee-e28c9801971b
$12001
$aОпись дел фонда М. Т. Лорис-Меликова за 1858-1915 гг.
$vД. 92
$1251
$cОпись
$1852
$j1
600#1$aСтанкевич
605##$3DITM\AF\0000002775
$aВласть
$lколлекция
$2acquisition_prlib
6101#$aРеволюционеры
$aМеры борьбы
$aПаспортная система
$aРеорганизация
686##$a63.3(2)535-332ю1
$cИстория
$2rubbk
686##$a67.400.6ю1
$cПраво
$2rubbk
700#1$aСтанкевич
801#0$aRU
$bGA_RF
801#1$aRU
$bГлавНИВЦ
$c20240716
$2rusmarc
801#2$aRU
$bПБ им. Б.Н. Ельцина
$c20240819
$gRCR
$2rusmarc
852##$aГА РФ
$j92
937##$d193627096
$hГАРФ
035##$aRuPRLIB51076540
856##$uhttp://readingroom.main.prlib.ru/item.aspx?id_node=n193627096&mode=full
Формат отображения